| 000 | 00817cam a2200241 a 4500 | ||
|---|---|---|---|
| 001 | 000018484 | ||
| 005 | 20200929165819.0 | ||
| 008 | 820514s1967 fr a b 000 0 fre d | ||
| 040 |
_aDO-SdBNP _bfre _cLC _dBNPHU |
||
| 050 | 0 | 0 |
_aPQ281 _b.C34 |
| 082 |
_ann* _bC349m |
||
| 100 | 1 |
_aCastex, Pierre Georges, _d1915- _939986 |
|
| 245 | 1 | 0 |
_aManuel des études littéraires françaises XIXe siècle / _cP.-G. Castex y P. Surer. |
| 260 |
_aParis : _bHachette, _c1967. |
||
| 300 |
_aviii, 312 p. : _bil. ; _c23 cm. |
||
| 490 | 1 | _aClassiques Hachette | |
| 504 | _aIncluye referencias bibliográficas. | ||
| 650 | 0 |
_aFrench literature _y19th century _xHistory and criticism. _939987 |
|
| 700 | 1 |
_aSurer, Paul, _d1905- _939988 |
|
| 830 | 0 |
_aClassiques Hachette _939989 |
|
| 910 | _aCatalogación derivada / LC | ||
| 049 | _aBNGR | ||
| 999 |
_c18004 _d18004 |
||